000 00700nam a2200217Ia 4500
003 IN-BaIIA
008 211028s9999 xx 000 0 eng d
040 _cIIA Library
080 _a83.6
_bSTE
100 _aSternberg, J. R
_915131
245 4 _athe exosat observation log
_cJ. R. Sternberg..[et.al]
260 _aNetherlands, European Space Agency
_bEuropean Space Agency
_c1986
300 _a[various pagings.]
650 _aAstronomy and astrophysics thesaurus
650 _aExosat log
_915132
650 _aExosat observation
_915133
700 _aBarr, P.
_915134
700 _aOsborne, L.
_915135
700 _aWhite, N. E.
_915136
942 _cBK
999 _c9003
_d9003